Normal görünüm
MARC görünümü
Giriş Meeting Name
001 - CONTROL NUMBER
- control field: 3340
003 - CONTROL NUMBER IDENTIFIER
- control field: TR-AnABB
005 - DATE AND TIME OF LATEST TRANSACTION
- control field: 20260408085415.0
008 - FIXED-LENGTH DATA ELEMENTS
- fixed length control field: 260408|| aca||aabn | a|a d
040 ## - CATALOGING SOURCE
- Original cataloging agency: TR-AnABB
- Transcribing agency: TR-AnABB
111 ## - HEADING--MEETING NAME
- Meeting name or jurisdiction name as entry element: Yerel yönetimler ve GAP Sempozyumu
- Date of meeting or treaty signing: (1993 :
- Location of meeting: Mardin, Şanlıurfa)
670 ## - SOURCE DATA FOUND
- Source citation: Koha: (TR-AnABB)10193: Yerel yönetimler ve GAP Sempozyumu (1993 : Mardin, Şanlıurfa), Yerel yönetimler ve GAP Sempozyumu /, [199?]
